A hazai zarándokutak turisztikai potenciáljának vizsgálata a Mária Út példáján keresztül

Bibliographic Details
Main Author: Woller Virág
Other Authors: Hegedüs Sára
Format: Thesis
Kulcsszavak:aktív turizmus
mária út
szezonalitás
vallásturizmus
zarándoklat
zarándokturizmus
Online Access:http://dolgozattar.uni-bge.hu/60053

MARC

LEADER 00000nta a2200000 i 4500
001 dolg60053
005 20260409145926.0
008 260409suuuu hu om 000 hun d
040 |a BGE Dolgozattár Repozitórium  |b hun 
041 |a hu 
100 1 |a Woller Virág 
245 1 2 |a A hazai zarándokutak turisztikai potenciáljának vizsgálata a Mária Út példáján keresztül  |c Woller Virág  |h [elektronikus dokumentum] 
520 3 |a A kutatásom alapkérdése a hazai zarándokutak turisztikai potenciáljának vizsgálata volt, melyen belül elsődleges szempont volt a Mária Út feltárása. Mivel a hazai zarándokutak közül a Mária Út tekinthető a legismertebbnek, főként mivel a legtöbb turista utat érinti, így okkal gondolhatja az ember, hogy mindez azt is jelenti, hogy turisztikailag is egy sikeres terméknek nevezhető. Kutatásom során azonban bebizonyosodott, hogy az ismertség nem egyenlő a sikerrel. Szakdolgozatomban feltárásra került a Mária Út turisztikai vonzereje mellett, hogy milyen Magyarországon a vallás- és zarándokturizmus jelenlegi helyzete, illetve, hogy hogyan állnak a szektor szereplői az aktív turizmushoz és a szezonalitáshoz. A kutatás során gyűjtött eredmények rámutattak, hogy a Mária Út, bár magyarországi viszonylatban turisztikai szempontból értelmezhetőbb a legtöbb hazai zarándokúttal szemben, nem tekinthető jógyakorlatnak, további számos fejlesztésre, anyagi és szakmai támogatásra van szüksége a szektor fellendítéséhez és a kellő vendégéjszaka generáláshoz. 
695 |a aktív turizmus 
695 |a mária út 
695 |a szezonalitás 
695 |a vallásturizmus 
695 |a zarándoklat 
695 |a zarándokturizmus 
700 1 |a Hegedüs Sára  |e ths 
856 4 0 |u http://dolgozattar.uni-bge.hu/60053/1/Woller%20Vir%C3%A1g%20szakdolgozat.pdf  |z Dokumentum-elérés 
856 4 0 |u http://dolgozattar.uni-bge.hu/60053/2/woller_virag_biralat.pdf  |z Dokumentum-elérés 
856 4 0 |u http://dolgozattar.uni-bge.hu/60053/3/Woller%20Vir%C3%A1g%20Szakdolgozat%20%C3%A9rt%C3%A9kel%C5%91%20Bsc%20HS.pdf  |z Dokumentum-elérés